Fuerzas armadas y burguesía industrial
Salvato in:
| Autore principale: | |
|---|---|
| Natura: | testo |
| Pubblicazione: |
Cuenca :
|
| Tags: |
Aggiungi Tag
Nessun Tag, puoi essere il primo ad aggiungerne!!
|
MARC
| LEADER | 00000 a a2200000 04500 | ||
|---|---|---|---|
| 001 | 16156 | ||
| 003 | |||
| 040 | |||
| 090 | |a 012800 | ||
| 100 | |a Robalino Larrea, Mesías | ||
| 245 | |a Fuerzas armadas y burguesía industrial | ||
| 260 | |a Cuenca : | ||
| 300 | |a 31 p. | ||
| 999 | |c 14368 |d 14368 | ||
